Lepcha folklore and folk songs / (Record no. 24142)

MARC details
000 -LEADER
fixed length control field 02104nam a22002897a 4500
005 - DATE AND TIME OF LATEST TRANSACTION
control field 20090221120427.0
008 - FIXED-LENGTH DATA ELEMENTS--GENERAL INFORMATION
fixed length control field 090221t xxu||||| |||| 00| 0 eng d
010 ## - LCCN (DPL NO)
LC control number B-340683-688
020 ## - INTERNATIONAL STANDARD BOOK NUMBER
International Standard Book Number 9788126026036
Terms of availability 70.00
035 ## - SYSTEM CONTROL NUMBER
System control number B-340683-688
037 ## - SOURCE OF ACQUISITION
Source of stock number/acquisition North India Publishers & Distributors
040 ## - CATALOGING SOURCE
Original cataloging agency dpl
Language of cataloging English
082 ## - DEWEY DECIMAL CLASSIFICATION NUMBER
Classification number 398.2
245 ## - TITLE STATEMENT
Title Lepcha folklore and folk songs /
Statement of responsibility, etc complied, translated and edited by Lyangsong Tarnsang
260 ## - PUBLICATION, DISTRIBUTION, ETC. (IMPRINT)
Place of publication, distribution, etc New Delhi
Name of publisher, distributor, etc Sahitya Akademi
Date of publication, distribution, etc 2008
270 ## - ADDRESS
Address Rabindra Bhavan, 35 Ferozeshah Road ,
City New Delhi
Postal code 110001
300 ## - PHYSICAL DESCRIPTION
Extent x,138p.
Dimensions 22cm.(Hb)
500 ## - GENERAL NOTE
General note Includes references
942 ## - ADDED ENTRY ELEMENTS (KOHA)
Source of classification or shelving scheme Dewey Decimal Classification
Item type English Books
Classification part 398.2
Call number suffix LEP
Holdings
Withdrawn status Lost status Source of classification or shelving scheme Damaged status Not for loan Collection code Home library Current library Date acquired Source of acquisition Cost, normal purchase price Total Checkouts Full call number Barcode Date last seen Copy number Cost, replacement price Koha item type
    Dewey Decimal Classification     Non-fiction Central Library Central Library 21/02/2009 North India Pub./NIP30/09/9.6.09/52/5.6.09/17.6.09 70.00   398.2 LEP B-340683 21/02/2009 1 70.00 English Books
    Dewey Decimal Classification     Non-fiction Janak Puri Janak Puri 03/11/2009 North India Pub./NIP30/09/9.6.09/52/5.6.09/17.6.09 70.00 1 398.2 LEP B-340685 18/11/2010 1 70.00 English Books
    Dewey Decimal Classification     Non-fiction Karol Bagh Karol Bagh 03/11/2009 North India Pub./NIP30/09/9.6.09/52/5.6.09/17.6.09 70.00   398.2 LEP B-340687 03/11/2009 1 70.00 English Books
Withdrawn   Dewey Decimal Classification     Non-fiction Patel Nagar Patel Nagar 03/11/2009 North India Pub./NIP30/09/9.6.09/52/5.6.09/17.6.09 70.00   398.2 LEP B-340684 03/11/2009 1 70.00 English Books
    Dewey Decimal Classification     Non-fiction Sarojini Nagar Sarojini Nagar 03/11/2009 North India Pub./NIP30/09/9.6.09/52/5.6.09/17.6.09 70.00   398.2 LEP B-340686 03/11/2009 1 70.00 English Books
    Dewey Decimal Classification     Non-fiction Shahdara Branch Shahdara Branch 03/11/2009 North India Pub./NIP30/09/9.6.09/52/5.6.09/17.6.09 70.00   398.2 LEP B-340688 03/11/2009 1 70.00 English Books

© Delhi Public Library
Hit Counter
free hit counter